000 00642nam a2200229Ia 4500
003 OSt
005 20220928141842.0
006 a|||||r|||| 00| 0
007 ta
008 220927b |||||||| |||| 00| 0 eng d
024 _a18067
037 _cTextual
040 _aSDCL
_cSDCL
_beng
041 _2eng
_aeng
082 _aX:87, P0
100 _aParkinson C Northcote
_9433511
245 0 _aHow to get to the top
_b Without ulcers,tranquillisers or heart attacks
260 _c2000
700 _a Rustomji M K
_9433512
942 _hX:87, P0
_cTEXL
_2CC
999 _c820338
_d820338